| 000 | 00814nam a2200229 a 4500 | ||
|---|---|---|---|
| 001 | 000007991 | ||
| 003 | DO-SdBNP | ||
| 005 | 20251106113413.0 | ||
| 008 | 090914s1972 dr 000 0 spa d | ||
| 040 |
_aDO-SdBNP _bspa _cBNPHU |
||
| 082 | 4 |
_a338.17361 _bS211c _222 |
|
| 100 | 1 |
_aSánchez, Juan J. _921845 |
|
| 245 | 1 | 3 |
_aLa caña en Santo Domingo / _cJuan J. Sánchez. |
| 260 |
_aSanto Domingo : _bTaller, _c1972. |
||
| 300 |
_a83 p. ; _c21 cm. |
||
| 534 |
_pPublicado Originalmente: _aJuan J. Sánchez _tLa caña en Santo Domingo. _nSanto Domingo : Imprenta de García Hermanos, 1893 |
||
| 590 | _aInventariado,2018/DG | ||
| 650 | 0 |
_aIndustria azucarera _zRepública Dominicana _97298 |
|
| 650 | 4 |
_aCaña de azucar _zRepública Dominicana _921847 |
|
| 910 | _aValidado. Control de calidad MFF | ||
| 942 |
_2ddc _cLBS1 |
||
| 999 |
_c7768 _d7768 |
||